000 00946nam0a22002531 4500
001 rc\4080922
005 20260409062759.0
021 _aRU
_b[52-26472]
035 _a(NLR Aleph) 008125880
090 _a9392869
_c9392869
100 _a20130415d1952 |||y0rusy50 ca
101 0 _arus
102 _aRU
105 _aa z |||||
200 1 _aМикрофарадметр типа ЭФ
_e(Инструкция)
_fМ-во электропром-сти СССР. Завод "Точэлектроприбор"
210 _aМосква
_cЦентр. бюро техн. информации
_d1952
215 _a8 с.
_cсхем.
_d20
606 _aМикрофарадметры
_2psbo
712 0 2 _a"Точэлектроприбор", завод им. Комсомола Украины
_cКиев
_3RU\NLR\AUTH\8810211932
_9310939
801 0 _aRU
_bNLR
_gpsbo
801 1 _aRU
_bELAR
_2rusmarc
852 _aNLR
_jТ20 Г-4/1207
942 _cBOOK
980 _aNB